Régimen legal de la contabilidad pública nacional (Registro nro. 2162)

Detalles MARC
000 -LEADER
fixed length control field 01690 a2200205 4500
001 - CONTROL NUMBER
control field 31183
005 - DATE AND TIME OF LATEST TRANSACTION
control field 20260407155618.0
008 - FIXED-LENGTH DATA ELEMENTS--GENERAL INFORMATION
fixed length control field 260407a1962 arg spa d
003 - CONTROL NUMBER IDENTIFIER
control field AR-UNSa-BCEJYS
040 ## - CATALOGING SOURCE
Original cataloging agency AR-UNSa-BCEJYS
Language of cataloging spa
Transcribing agency AR-UNSa-BCEJYS
080 ## - UNIVERSAL DECIMAL CLASSIFICATION NUMBER
Universal Decimal Classification number 351.72
Common auxiliary subdivision Finanzas públicas. Legislación (Contabilidad Pública, Administración financiera...)
100 1# - MAIN ENTRY--PERSONAL NAME
Personal name Atchabahian, Adolfo
245 10 - TITLE STATEMENT
Title Régimen legal de la contabilidad pública nacional
Name of part/section of a work Concordancias y comentario de la legislación vigente sobre la materia
264 #1 - PRODUCTION, PUBLICATION, DISTRIBUTION, MANUFACTURE, AND COPYRIGHT NOTICE
Place of production, publication, distribution, manufacture Buenos Aires :
Name of producer, publisher, distributor, manufacturer ERGON
Date of production, publication, distribution, manufacture, or copyright notice 1962
300 ## - PHYSICAL DESCRIPTION
Extent 250 p.
Dimensions 23 cm.
505 ## - FORMATTED CONTENTS NOTE
Formatted contents note 1. Del presupuesto general (arts. 1 a 18) - 2. De la ejecución del presupuesto (arts. 19 a 26) - 3. De la cuenta general del ejercicio (arts. 37 a 40) - 4. Del servicio del tesoro (arts. 41 a 50) - 5. De la gestón de los bienes del estado (arts. 51 a 54) - 6. De las contrataciones (arts. 55 a 64) - 7. Del registro de las operaciones (arts. 65 a 71) - 8. De la contaduría General de la Nación y de los servicios de contabilidad (arts. 72 a 77) - 9. Del Tribunal de Cuentas de la Nación (arts. 78 a 89) - 10. De los responsables (arts. 90 a 97) - 11. De las cuentas de los responsables (arts. 98 a 102) - 12. Del juicio de cuentas (arts. 103 a 115) - 13. De juicio administrativo de responsabilidades (arts. 116 a 120) - 14. De la ejecución de las resoluciones condenatorias del Tribunal de Cuentas (arts. 130 a 135) - 15. de las entidades descentralizadas y haciendas para-estatales (arts. 136 a 138) - 16. Disposiciones complementarias y transitorias (arts. 139 a 153)
590 ## - LOCAL NOTE (RLIN)
Local note niveau_biblio:m niveau_hierar:0
700 1# - ADDED ENTRY--PERSONAL NAME
Personal name Massier, Guillermo
942 ## - ADDED ENTRY ELEMENTS (KOHA)
Koha item type
Existencias
Withdrawn status Lost status Damaged status Not for loan Home library Current library Shelving location Date acquired Total checkouts Full call number Barcode Date last seen Price effective from Koha item type
        Biblioteca Prof. Eusebio Cleto del Rey Biblioteca Prof. Eusebio Cleto del Rey   07/04/2026   351.72 A863r L26280 07/04/2026 07/04/2026 Libro
        Biblioteca Prof. Eusebio Cleto del Rey Biblioteca Prof. Eusebio Cleto del Rey   07/04/2026   351.72 A863r L26279 07/04/2026 07/04/2026 Libro
        Biblioteca Prof. Eusebio Cleto del Rey Biblioteca Prof. Eusebio Cleto del Rey   07/04/2026   351.72 A863r L26282 07/04/2026 07/04/2026 Libro
        Biblioteca Prof. Eusebio Cleto del Rey Biblioteca Prof. Eusebio Cleto del Rey   07/04/2026   351.72 A863r L26283 07/04/2026 07/04/2026 Libro
        Biblioteca Prof. Eusebio Cleto del Rey Biblioteca Prof. Eusebio Cleto del Rey   07/04/2026   351.72 A863r L26284 07/04/2026 07/04/2026 Libro
        Biblioteca Prof. Eusebio Cleto del Rey Biblioteca Prof. Eusebio Cleto del Rey   07/04/2026   351.72 A863r L26281 07/04/2026 07/04/2026 Libro